טוען...
Surveys of Economic Theory
| פורמט: | Printed Book |
|---|---|
| שפה: | English |
| יצא לאור: |
London
Macmillan
1966
|
| נושאים: |
| LEADER | 00639nam a2200253 a 4500 | ||
|---|---|---|---|
| 001 | adlib96000001 | ||
| 003 | ViArRB | ||
| 005 | 20151026130951.0 | ||
| 008 | 960221s1955 dcuabcdjdbkoqu001 0deng d | ||
| 020 | |||
| 022 | |||
| 040 | |a Adlib | ||
| 082 | |a 330.18 | ||
| 245 | |a Surveys of Economic Theory | ||
| 250 | |||
| 260 | |a London |b Macmillan |c 1966 | ||
| 300 | |||
| 500 | |a V.3. Resource Allocation, xi, 207 p | ||
| 100 | |||
| 700 | |||
| 942 | |c BK |6 _ | ||
| 653 | |a American Economic Association. | ||
| 999 | |c 17500 |d 17500 | ||
| 952 | |0 0 |1 0 |4 0 |6 33018_AEA |7 0 |9 29034 |a UL |b UL |d 2010-06-16 |o 330.18 AEA |p 00008525 |r 2010-06-16 |w 2010-06-16 |y BK | ||